UBT Library

Understanding and analyzing financial statements : (Record no. 43746)

000 -LEADER
fixed length control field 00873cam a22002654a 4500
001 - CONTROL NUMBER
control field 14501720
005 - DATE AND TIME OF LATEST TRANSACTION
control field 20180301033035.0
008 - FIXED-LENGTH DATA ELEMENTS--GENERAL INFORMATION
fixed length control field 060816s2007 nju 000 0 eng
010 ## - LIBRARY OF CONGRESS CONTROL NUMBER
LC control number 2006049640
020 ## - INTERNATIONAL STANDARD BOOK NUMBER
International Standard Book Number 0132391902 (alk. paper)
020 ## - INTERNATIONAL STANDARD BOOK NUMBER
International Standard Book Number 9780132391900 (alk. paper)
035 ## - SYSTEM CONTROL NUMBER
System control number (OCoLC)ocm71006827
035 ## - SYSTEM CONTROL NUMBER
System control number (OCoLC)71006827
040 ## - CATALOGING SOURCE
Original cataloging agency DLC
Transcribing agency DLC
Modifying agency YDX
-- BAKER
-- YDXCP
-- DLC
041 ## - LANGUAGE CODE
Language code of text/sound track or separate title eng
042 ## - AUTHENTICATION CODE
Authentication code pcc
080 ## - UNIVERSAL DECIMAL CLASSIFICATION NUMBER
Universal Decimal Classification number 657.3 KAR
082 00 - DEWEY DECIMAL CLASSIFICATION NUMBER
Classification number 657.3 KAR
Edition number 22
100 1# - Rafti
Rafti 58
101 ## - Shkurtesa
Shkurtesa FIN
245 10 - TITLE STATEMENT
Title Understanding and analyzing financial statements :
Statement of responsibility, etc Karen P. Schoenebeck.
906 ## - LOCAL DATA ELEMENT F, LDF (RLIN)
a 7
b cbc
c orignew
d 1
e ocip
f 20
g y-gencatlg
942 ## - ADDED ENTRY ELEMENTS (KOHA)
Source of classification or shelving scheme
Item type Books
Holdings
Withdrawn status Lost status Source of classification or shelving scheme Damaged status Not for loan Collection code Permanent location Current location Shelving location Date acquired Total Checkouts Full call number Barcode Date last seen Price effective from Koha item type
          Koleksioni i përgjithshem UBT - Lipjan UBT - Lipjan Koleksioni i përgjithshem 03/01/2018   657.3 KAR 002-3000360 03/01/2018 03/01/2018 Books
          Koleksioni i përgjithshem UBT - Lipjan UBT - Lipjan Koleksioni i përgjithshem 03/01/2018   657.3 KAR 002-3000365 03/01/2018 03/01/2018 Books
UBT Library © 2015-2024. All rights reserved University Education for Business and Technology